Statistics for All WWE PPV in 2022

Click here to take the quiz!

General Stats

  • This quiz has been taken 64 times
  • The average score is 9 of 12

Answer Stats

HintAnswer% Correct
JanuaryRoyal Rumble
98%
FebruaryElimination Chamber
92%
AprilWrestlemania
90%
NovemberSurvivor Series
86%
JulySummerslam
84%
JanuaryDay 1
76%
MayBacklash
73%
JulyMoney in the Bank
73%
OctoberExtreme Rules
57%
NovemberCrown Jewel
55%
JuneHell in a Cell
55%
SeptemberClash at the Castle
31%

Score Distribution

Percentile by Number Answered

Percent of People with Each Score

Your Score History

You have not taken this quiz